000 00638nam a2200157Ia 4500
008 231221s9999 xx 000 0 und d
020 _a978-3-642-02282-1
041 _aEnglish
100 _aVito Gesù, Sankar Kumar Pal, Alfredo Petrosino
245 0 _aFuzzy Logic and Applications
260 _c2009
_bSpringer US
_aNew York
440 _aLecture Notes in Computer Science
650 _aArtificial Intelligence (incl. Robotics); Mathematical Logic and Formal Languages; Image Processing and Computer Vision; Pattern Recognition; Information Storage and Retrieval; Computer Applications
650 _aComputer Science
942 _cEB
999 _c222952
_d222952